Estadísticas para 15 principales países afectados por Covid19 - 2 mar 2021

Haz click aquí para intentar la prueba.

Estadísticas generales

  • Esta prueba ha sido intentada 7 veces
  • La puntuación promedio es 17 de 27

Estadísticas de respuestas

país% Correcto
Alemania
100%
España
100%
Estados Unidos
100%
Italia
100%
Argentina
86%
Brasil
86%
Francia
86%
India
86%
México
86%
Polonia
86%
Reino Unido
86%
Colombia
71%
Rusia
71%
Irán
57%
Países Bajos
57%
Portugal
57%
Suecia
57%
Turquía
57%
Bélgica
43%
Suiza
43%
Chequia
29%
Israel
29%
Panamá
29%
Baréin
14%
Eslovenia
14%
Georgia
14%
Lituania
14%

Distribución de puntuación

Porcentaje por número respondido

Porcentaje de gente con cada puntuación

Historial de tus puntuaciones

No has intentado esta prueba.